| 000 | 00777 a2200205 4500 | ||
|---|---|---|---|
| 001 | 36847 | ||
| 005 | 20260407155640.0 | ||
| 008 | 260407a1966 arg spa d | ||
| 003 | AR-UNSa-BCEJYS | ||
| 040 |
_aAR-UNSa-BCEJYS _bspa _cAR-UNSa-BCEJYS |
||
| 080 |
_a658.51 _xOrganización de la producción |
||
| 245 | 1 | 0 | _aEl ordenamiento de la producción |
| 264 | 1 |
_aBarcelona : _bSagitario _c1966 |
|
| 300 |
_a291 p. _c21 cm. |
||
| 505 | _a1. Esquema de gestión industrial - 2. El ordenamiento - 3. La organización necesaria - 4. Método de producción en linea o extensión de tareas - 5. La implementación del ordenamiento en una empresa. | ||
| 942 | _cBK | ||
| 590 | _aniveau_biblio:m niveau_hierar:0 | ||
| 100 | 1 | _aRamboz, André | |
| 700 | 1 | _aVallhonrat Bou, José Maria | |
| 999 |
_c2680 _d2680 |
||